Dynamics of democracy (Record no. 2891)
[ view plain ]
| 000 -LEADER | |
|---|---|
| fixed length control field | 00535nam a22001937a 4500 |
| 003 - CONTROL NUMBER IDENTIFIER | |
| control field | URS |
| 005 - DATE AND TIME OF LATEST TRANSACTION | |
| control field | 20220114142317.0 |
| 008 - FIXED-LENGTH DATA ELEMENTS--GENERAL INFORMATION | |
| fixed length control field | 190717s1997 a|||| |||| 00| 0 eng d |
| 020 ## - INTERNATIONAL STANDARD BOOK NUMBER | |
| International Standard Book Number | 0697327523 |
| 040 ## - CATALOGING SOURCE | |
| Transcribing agency | URS |
| Language of cataloging | eng |
| Modifying agency | rda |
| 050 14 - LIBRARY OF CONGRESS CALL NUMBER | |
| Classification number | JK 276 |
| Item number | .D9975 1997 |
| 100 ## - MAIN ENTRY--PERSONAL NAME | |
| Personal name | Squirre, Peverill |
| 245 30 - TITLE STATEMENT | |
| Title | Dynamics of democracy |
| Statement of responsibility, etc. | Peverill Squirre |
| 250 ## - EDITION STATEMENT | |
| Edition statement | Second edition |
| 260 ## - PUBLICATION, DISTRIBUTION, ETC. | |
| Place of publication, distribution, etc. | Madison: |
| Name of publisher, distributor, etc. | Brown and Benchmark; |
| Date of publication, distribution, etc. | [1997] |
| 300 ## - PHYSICAL DESCRIPTION | |
| Extent | xxv, 732 pages: |
| Other physical details | with illustrations; |
| Dimensions | 27 cm |
| 504 ## - BIBLIOGRAPHY, ETC. NOTE | |
| Bibliography, etc. note | Includes index |
| 942 ## - ADDED ENTRY ELEMENTS (KOHA) | |
| Source of classification or shelving scheme | Library of Congress Classification |
| Koha item type | Foreign Books |
| Withdrawn status | Source of classification or shelving scheme | Damaged status | Not for loan | Collection code | Home library | Current library | Shelving location | Date acquired | Total Checkouts | Full call number | Barcode | Date last seen | Price effective from | Koha item type |
|---|---|---|---|---|---|---|---|---|---|---|---|---|---|---|
| Library of Congress Classification | Non-fiction | Cainta College Library | Cainta College Library | On Display | 11/10/2017 | JK 276.D9975 | URSCAI-148 | 11/10/2017 | 11/10/2017 | Foreign Books | ||||
| Library of Congress Classification | Non-fiction | Cainta College Library | Cainta College Library | On Display | 11/10/2017 | JK 276.D9975 | URSCAI-149 | 11/10/2017 | 11/10/2017 | Foreign Books |